[Event "Team Championship (women blitz)"]
[Site "Sochi"]
[Date "2017.10.05"]
[Round "3.2"]
[White "Bivol, Alina"]
[Black "Stepanyan, Eva"]
[Result "1-0"]
[LiveChessVersion "1.4.8"]
[BlackElo "1760"]
[WhiteElo "2308"]

1. Nf3 {[%clk 0:03:03]} Nf6 {[%clk 0:03:03]} 2. g3 {[%clk 0:03:05]} b6
{[%clk 0:03:04]} 3. d4 {[%clk 0:03:00]} Bb7 {[%clk 0:03:04]} 4. Bg2
{[%clk 0:03:02]} e6 {[%clk 0:03:04]} 5. c4 {[%clk 0:03:00]} Be7 {[%clk 0:03:03]}
6. d5 {[%clk 0:02:39]} exd5 {[%clk 0:02:50]} 7. Nh4 {[%clk 0:02:40]} c6
{[%clk 0:02:28]} 8. cxd5 {[%clk 0:02:37]} Nxd5 {[%clk 0:02:23]} 9. Nf5
{[%clk 0:02:38]} O-O {[%clk 0:02:13]} 10. O-O {[%clk 0:02:36]} Nc7
{[%clk 0:02:02]} 11. e4 {[%clk 0:02:35]} d5 {[%clk 0:01:54]} 12. e5
{[%clk 0:02:10]} Bc8 {[%clk 0:01:33]} 13. Nxe7+ {[%clk 0:02:02]} Qxe7
{[%clk 0:01:34]} 14. Re1 {[%clk 0:02:01]} Be6 {[%clk 0:01:32]} 15. Nc3
{[%clk 0:02:01]} Nd7 {[%clk 0:01:30]} 16. a4 {[%clk 0:01:47]} f6 {[%clk 0:01:11]}
17. exf6 {[%clk 0:01:46]} Qxf6 {[%clk 0:01:10]} 18. Be3 {[%clk 0:01:45]} Rad8
{[%clk 0:00:53]} 19. Qd2 {[%clk 0:01:40]} Qf7 {[%clk 0:00:46]} 20. Bf4
{[%clk 0:01:38]} Na6 {[%clk 0:00:40]} 21. Re2 {[%clk 0:01:31]} Nac5
{[%clk 0:00:35]} 22. Rae1 {[%clk 0:01:29]} Rfe8 {[%clk 0:00:35]} 23. b4
{[%clk 0:01:12]} Nb7 {[%clk 0:00:35]} 24. Bg5 {[%clk 0:00:53]} Rc8
{[%clk 0:00:33]} 25. h3 {[%clk 0:00:40]} Nd6 {[%clk 0:00:33]} 26. Kh2
{[%clk 0:00:38]} h6 {[%clk 0:00:34]} 27. Bf4 {[%clk 0:00:38]} Nc4
{[%clk 0:00:33]} 28. Qc1 {[%clk 0:00:39]} Bf5 {[%clk 0:00:29]} 29. b5
{[%clk 0:00:35]} Rxe2 {[%clk 0:00:24]} 30. Rxe2 {[%clk 0:00:36]} Be6
{[%clk 0:00:20]} 31. bxc6 {[%clk 0:00:34]} Rxc6 {[%clk 0:00:21]} 32. Qe1
{[%clk 0:00:34]} Nf6 {[%clk 0:00:20]} 33. Nb5 {[%clk 0:00:30]} a6
{[%clk 0:00:20]} 34. Nd4 {[%clk 0:00:31]} Rc8 {[%clk 0:00:15]} 35. Rxe6
{[%clk 0:00:32]} b5 {[%clk 0:00:12]} 36. axb5 {[%clk 0:00:32]} axb5
{[%clk 0:00:14]} 37. Re7 {[%clk 0:00:30]} Qf8 {[%clk 0:00:14]} 38. Nf5
{[%clk 0:00:29]} Nh5 {[%clk 0:00:14]} 39. Qe6+ {[%clk 0:00:28]} Nxf4
{[%clk 0:00:11]} 1-0

[Event "Team Championship (women blitz)"]
[Site "Sochi"]
[Date "2017.10.05"]
[Round "3.3"]
[White "Chekletsova, Darya"]
[Black "Tomilova, Elena"]
[Result "0-1"]
[LiveChessVersion "1.4.8"]
[BlackElo "2279"]
[WhiteElo "1383"]

1. d4 {[%clk 0:03:03]} Nf6 {[%clk 0:03:04]} 2. c4 {[%clk 0:03:04]} b6
{[%clk 0:03:05]} 3. Nc3 {[%clk 0:03:04]} Bb7 {[%clk 0:03:06]} 4. Bg5
{[%clk 0:03:05]} h6 {[%clk 0:03:06]} 5. Bh4 {[%clk 0:03:06]} g5 {[%clk 0:02:59]}
6. Bg3 {[%clk 0:03:06]} Bg7 {[%clk 0:03:00]} 7. h3 {[%clk 0:03:05]} d6
{[%clk 0:02:56]} 8. e3 {[%clk 0:03:05]} Nbd7 {[%clk 0:02:43]} 9. Nf3
{[%clk 0:03:05]} O-O {[%clk 0:02:32]} 10. Bd3 {[%clk 0:03:06]} a6
{[%clk 0:02:10]} 11. O-O {[%clk 0:03:06]} Qe8 {[%clk 0:02:06]} 12. Qc2
{[%clk 0:03:05]} e5 {[%clk 0:02:04]} 13. d5 {[%clk 0:02:59]} Nc5 {[%clk 0:01:59]}
14. Bf5 {[%clk 0:02:51]} Bc8 {[%clk 0:01:52]} 15. Bxc8 {[%clk 0:02:50]} Rxc8
{[%clk 0:01:51]} 16. Rac1 {[%clk 0:02:39]} Nh5 {[%clk 0:01:50]} 17. Bh2
{[%clk 0:02:39]} f5 {[%clk 0:01:49]} 18. b4 {[%clk 0:02:34]} e4 {[%clk 0:01:35]}
19. Nd2 {[%clk 0:02:29]} Nd3 {[%clk 0:01:34]} 20. Rcd1 {[%clk 0:02:22]} Nxb4
{[%clk 0:01:32]} 21. Qb3 {[%clk 0:02:19]} Nd3 {[%clk 0:01:29]} 22. a4
{[%clk 0:01:41]} a5 {[%clk 0:01:24]} 23. Nb5 {[%clk 0:01:37]} Qg6
{[%clk 0:01:16]} 24. Na7 {[%clk 0:01:28]} Rce8 {[%clk 0:01:13]} 25. Nb5
{[%clk 0:01:29]} Rf7 {[%clk 0:01:11]} 26. f3 {[%clk 0:01:22]} Nc5
{[%clk 0:01:09]} 27. Qa3 {[%clk 0:01:21]} Nf6 {[%clk 0:00:56]} 28. fxe4
{[%clk 0:01:16]} Nfxe4 {[%clk 0:00:54]} 29. Nxe4 {[%clk 0:01:11]} Rxe4
{[%clk 0:00:53]} 30. Rc1 {[%clk 0:00:58]} Rfe7 {[%clk 0:00:51]} 31. Rf3
{[%clk 0:00:54]} g4 {[%clk 0:00:45]} 32. hxg4 {[%clk 0:00:54]} fxg4
{[%clk 0:00:46]} 33. Rg3 {[%clk 0:00:55]} h5 {[%clk 0:00:45]} 34. Nc3
{[%clk 0:00:30]} Bxc3 {[%clk 0:00:36]} 35. Rxc3 {[%clk 0:00:17]} h4
{[%clk 0:00:35]} 36. Rxg4 {[%clk 0:00:17]} Rxg4 {[%clk 0:00:33]} 37. Rc2 Qxc2
{[%clk 0:00:29]} 38. Qa1 {[%clk 0:00:00]} Qxg2# {[%clk 0:00:29]} 0-1

[Event "Team Championship (women blitz)"]
[Site "Sochi"]
[Date "2017.10.05"]
[Round "3.4"]
[White "Travkina, Anastasia"]
[Black "Murzina, Agata"]
[Result "1-0"]
[LiveChessVersion "1.4.8"]
[BlackElo "1764"]
[WhiteElo "2099"]

1. e4 {[%clk 0:03:04]} e5 {[%clk 0:03:00]} 2. Nf3 {[%clk 0:03:04]} Nc6
{[%clk 0:03:01]} 3. Bc4 {[%clk 0:03:04]} Be7 {[%clk 0:02:58]} 4. O-O
{[%clk 0:03:01]} Nf6 {[%clk 0:02:56]} 5. Re1 {[%clk 0:02:57]} O-O
{[%clk 0:02:53]} 6. d3 {[%clk 0:02:57]} d6 {[%clk 0:02:52]} 7. a4
{[%clk 0:02:56]} Bg4 {[%clk 0:02:45]} 8. Nbd2 {[%clk 0:02:57]} Nd4
{[%clk 0:02:34]} 9. c3 {[%clk 0:02:53]} Nxf3+ {[%clk 0:02:31]} 10. Nxf3
{[%clk 0:02:54]} c6 {[%clk 0:02:24]} 11. Bb3 {[%clk 0:02:39]} Qc7
{[%clk 0:02:21]} 12. h3 {[%clk 0:02:36]} Bh5 {[%clk 0:02:11]} 13. d4
{[%clk 0:02:33]} Rad8 {[%clk 0:01:26]} 14. a5 {[%clk 0:02:11]} Nd7
{[%clk 0:00:49]} 15. Qd3 {[%clk 0:01:49]} Bxf3 {[%clk 0:00:35]} 16. Qxf3
{[%clk 0:01:49]} Bf6 {[%clk 0:00:35]} 17. Be3 {[%clk 0:01:42]} Rfe8
{[%clk 0:00:27]} 18. Qg3 {[%clk 0:01:39]} Nf8 {[%clk 0:00:18]} 19. f4
{[%clk 0:01:37]} Qd7 {[%clk 0:00:08]} 20. dxe5 {[%clk 0:01:02]} dxe5
{[%clk 0:00:07]} 21. Bxa7 {[%clk 0:01:02]} exf4 {[%clk 0:00:06]} 22. Qxf4
{[%clk 0:01:03]} Be5 {[%clk 0:00:06]} 23. Qf3 {[%clk 0:01:01]} Qe7
{[%clk 0:00:06]} 24. Bb6 {[%clk 0:00:58]} Rd7 {[%clk 0:00:06]} 25. Rad1
{[%clk 0:00:57]} Rxd1 {[%clk 0:00:05]} 26. Rxd1 {[%clk 0:00:58]} Ne6
{[%clk 0:00:03]} 27. Rf1 {[%clk 0:00:51]} Rf8 {[%clk 0:00:04]} 28. Qf5
{[%clk 0:00:45]} Bb8 {[%clk 0:00:05]} 29. Ba2 {[%clk 0:00:41]} Qd6
{[%clk 0:00:05]} 30. e5 {[%clk 0:00:40]} Qxe5 {[%clk 0:00:03]} 31. Qxe5
{[%clk 0:00:41]} Bxe5 {[%clk 0:00:04]} 32. Re1 {[%clk 0:00:39]} Bf6
{[%clk 0:00:03]} 33. Bxe6 {[%clk 0:00:39]} fxe6 {[%clk 0:00:04]} 34. Rxe6
{[%clk 0:00:39]} Kf7 {[%clk 0:00:05]} 35. Rd6 {[%clk 0:00:39]} Re8
{[%clk 0:00:06]} 36. a6 {[%clk 0:00:23]} bxa6 {[%clk 0:00:06]} 37. Rxc6
{[%clk 0:00:24]} Re6 {[%clk 0:00:06]} 38. Rxe6 {[%clk 0:00:15]} Kxe6
{[%clk 0:00:07]} 39. Kf2 {[%clk 0:00:10]} Kd5 {[%clk 0:00:09]} 40. Ke3
{[%clk 0:00:08]} Kc6 {[%clk 0:00:09]} 41. Bd4 {[%clk 0:00:09]} Bg5+
{[%clk 0:00:09]} 42. Ke4 {[%clk 0:00:10]} g6 {[%clk 0:00:10]} 43. b3
{[%clk 0:00:11]} Be7 {[%clk 0:00:10]} 44. c4 {[%clk 0:00:12]} Kb7
{[%clk 0:00:10]} 45. Kd5 {[%clk 0:00:13]} Kc7 {[%clk 0:00:11]} 46. Ke6
{[%clk 0:00:14]} Bd6 {[%clk 0:00:11]} 47. Kf7 {[%clk 0:00:14]} g5
{[%clk 0:00:08]} 48. Kg7 {[%clk 0:00:14]} h5 {[%clk 0:00:09]} 49. Kg6
{[%clk 0:00:15]} g4 {[%clk 0:00:10]} 50. Kxh5 {[%clk 0:00:16]} gxh3 51. gxh3
{[%clk 0:00:17]} a5 {[%clk 0:00:10]} 52. Kg6 {[%clk 0:00:16]} Kd7
{[%clk 0:00:11]} 53. h4 {[%clk 0:00:18]} Ke7 {[%clk 0:00:11]} 54. h5
{[%clk 0:00:19]} Ke6 {[%clk 0:00:12]} 55. h6 {[%clk 0:00:20]} Bf8
{[%clk 0:00:13]} 56. h7 {[%clk 0:00:21]} Bb4 {[%clk 0:00:13]} 57. h8=Q
{[%clk 0:00:21]} Kd7 {[%clk 0:00:14]} 58. Qg7+ {[%clk 0:00:22]} Kc6
{[%clk 0:00:15]} 59. Qf6+ {[%clk 0:00:22]} Kb7 {[%clk 0:00:15]} 60. Qb6+
{[%clk 0:00:23]} Ka8 {[%clk 0:00:16]} 61. Be5 {[%clk 0:00:23]} Bd6
{[%clk 0:00:15]} 62. Bxd6 {[%clk 0:00:23]} a4 {[%clk 0:00:16]} 63. Qb8#
{[%clk 0:00:24]} 1-0

[Event "Team Championship (women blitz)"]
[Site "Sochi"]
[Date "2017.10.05"]
[Round "3.5"]
[White "Bodnaruk, Anastasia"]
[Black "Pogonina, Natalija"]
[Result "1-0"]
[LiveChessVersion "1.4.8"]
[BlackElo "2401"]
[WhiteElo "2439"]

1. e4 {[%clk 0:03:03]} e5 {[%clk 0:03:02]} 2. Nf3 {[%clk 0:03:05]} Nc6
{[%clk 0:03:03]} 3. Bb5 {[%clk 0:03:05]} Nf6 {[%clk 0:03:03]} 4. d3
{[%clk 0:03:07]} Bc5 {[%clk 0:03:04]} 5. c3 {[%clk 0:03:08]} d6 {[%clk 0:03:04]}
6. O-O {[%clk 0:02:58]} a6 {[%clk 0:03:05]} 7. Bxc6+ {[%clk 0:02:55]} bxc6
{[%clk 0:03:05]} 8. Nbd2 {[%clk 0:02:54]} Bb6 {[%clk 0:02:55]} 9. Re1
{[%clk 0:02:50]} O-O {[%clk 0:02:54]} 10. h3 {[%clk 0:02:41]} h6 {[%clk 0:02:53]}
11. Nf1 {[%clk 0:02:37]} Re8 {[%clk 0:02:49]} 12. Ng3 {[%clk 0:02:35]} Rb8
{[%clk 0:02:40]} 13. d4 {[%clk 0:02:15]} exd4 {[%clk 0:02:21]} 14. cxd4
{[%clk 0:02:11]} Bd7 {[%clk 0:02:15]} 15. Bd2 {[%clk 0:02:02]} c5
{[%clk 0:02:09]} 16. Bc3 {[%clk 0:01:52]} cxd4 {[%clk 0:02:06]} 17. Nxd4
{[%clk 0:01:48]} Bxd4 {[%clk 0:01:39]} 18. Qxd4 {[%clk 0:01:44]} Qe7
{[%clk 0:01:30]} 19. f4 {[%clk 0:01:22]} c5 {[%clk 0:01:10]} 20. Qd2
{[%clk 0:01:08]} Be6 {[%clk 0:00:55]} 21. a4 {[%clk 0:00:47]} Red8
{[%clk 0:00:38]} 22. Qf2 {[%clk 0:00:45]} Bd7 {[%clk 0:00:33]} 23. e5
{[%clk 0:00:29]} dxe5 {[%clk 0:00:22]} 24. Bxe5 {[%clk 0:00:22]} Rbc8
{[%clk 0:00:17]} 25. Bc7 {[%clk 0:00:20]} Qf8 {[%clk 0:00:18]} 26. Bxd8
{[%clk 0:00:21]} Qxd8 {[%clk 0:00:19]} 27. Rad1 {[%clk 0:00:20]} Qb6
{[%clk 0:00:19]} 28. Rd2 {[%clk 0:00:14]} Qb4 {[%clk 0:00:15]} 29. Kh2
{[%clk 0:00:08]} Qxa4 {[%clk 0:00:13]} 30. Re5 {[%clk 0:00:06]} c4
{[%clk 0:00:11]} 31. Nh5 {[%clk 0:00:06]} Nxh5 {[%clk 0:00:11]} 32. Rxh5
{[%clk 0:00:07]} c3 {[%clk 0:00:07]} 33. bxc3 Rxc3 {[%clk 0:00:08]} 34. Rhd5
{[%clk 0:00:07]} Be6 {[%clk 0:00:07]} 35. Rd8+ {[%clk 0:00:07]} Kh7
{[%clk 0:00:08]} 36. f5 {[%clk 0:00:08]} Bb3 {[%clk 0:00:05]} 37. f6
{[%clk 0:00:07]} Qa5 {[%clk 0:00:04]} 38. fxg7 {[%clk 0:00:04]} Qc7+
{[%clk 0:00:05]} 39. g3 {[%clk 0:00:05]} Kxg7 40. Qd4+ 1-0

[Event "Team Championship (women blitz)"]
[Site "Sochi"]
[Date "2017.10.05"]
[Round "3.6"]
[White "Girya, Olga"]
[Black "Ovod, Evgenija"]
[Result "1-0"]
[LiveChessVersion "1.4.8"]
[BlackElo "2191"]
[WhiteElo "2338"]

1. d4 {[%clk 0:03:03]} d5 {[%clk 0:03:04]} 2. c4 {[%clk 0:03:04]} e6
{[%clk 0:03:05]} 3. Nf3 {[%clk 0:03:05]} Nf6 {[%clk 0:03:06]} 4. Nc3
{[%clk 0:03:06]} Be7 {[%clk 0:03:06]} 5. Bf4 {[%clk 0:03:08]} O-O 6. e3 b6
{[%clk 0:03:07]} 7. Bd3 {[%clk 0:03:08]} dxc4 8. Bxc4 {[%clk 0:03:09]} Ba6
{[%clk 0:03:07]} 9. Qe2 {[%clk 0:03:10]} Qc8 {[%clk 0:03:08]} 10. O-O
{[%clk 0:03:11]} Bxc4 {[%clk 0:03:08]} 11. Qxc4 {[%clk 0:03:11]} c5 12. Rac1
{[%clk 0:03:04]} Qb7 {[%clk 0:03:10]} 13. dxc5 {[%clk 0:02:58]} Bxc5
{[%clk 0:03:10]} 14. Rfd1 {[%clk 0:02:59]} Nbd7 {[%clk 0:02:58]} 15. h3
{[%clk 0:02:55]} Rac8 {[%clk 0:02:57]} 16. Qe2 {[%clk 0:02:55]} Bb4
{[%clk 0:02:44]} 17. Nb5 {[%clk 0:02:25]} Rxc1 {[%clk 0:02:42]} 18. Rxc1
{[%clk 0:02:26]} Nd5 {[%clk 0:02:16]} 19. Bd6 {[%clk 0:02:26]} Bxd6
{[%clk 0:02:05]} 20. Nxd6 {[%clk 0:02:27]} Qb8 {[%clk 0:02:05]} 21. Nb5
{[%clk 0:02:24]} a6 {[%clk 0:01:53]} 22. Nbd4 {[%clk 0:02:24]} b5
{[%clk 0:01:50]} 23. Nc6 {[%clk 0:02:13]} Qd6 {[%clk 0:01:38]} 24. Ncd4
{[%clk 0:01:54]} N5b6 {[%clk 0:01:30]} 25. Rc6 {[%clk 0:01:47]} Qb8
{[%clk 0:01:18]} 26. Qc2 {[%clk 0:01:41]} h6 {[%clk 0:01:14]} 27. Nb3
{[%clk 0:01:26]} Rc8 {[%clk 0:01:09]} 28. Na5 {[%clk 0:01:25]} Rxc6
{[%clk 0:01:05]} 29. Nxc6 {[%clk 0:01:22]} Qd6 {[%clk 0:01:04]} 30. Nfd4
{[%clk 0:01:13]} g6 {[%clk 0:00:51]} 31. Nb3 {[%clk 0:00:48]} Nc4
{[%clk 0:00:41]} 32. Ncd4 {[%clk 0:00:41]} e5 {[%clk 0:00:40]} 33. Nf3
{[%clk 0:00:41]} Ndb6 {[%clk 0:00:30]} 34. Nbd2 {[%clk 0:00:41]} Nxd2
{[%clk 0:00:24]} 35. Nxd2 {[%clk 0:00:42]} Kg7 {[%clk 0:00:22]} 36. Ne4
{[%clk 0:00:40]} Qd5 {[%clk 0:00:20]} 37. Nd2 {[%clk 0:00:17]} Qxa2
{[%clk 0:00:16]} 38. Qc3 {[%clk 0:00:10]} Qd5 {[%clk 0:00:14]} 39. Nf3
{[%clk 0:00:08]} Na4 {[%clk 0:00:04]} 40. Qb4 {[%clk 0:00:04]} h5
{[%clk 0:00:03]} 41. Kh2 {[%clk 0:00:05]} e4 {[%clk 0:00:03]} 42. Nd4
{[%clk 0:00:05]} Nc5 1-0

[Event "Team Championship (women blitz)"]
[Site "Sochi"]
[Date "2017.10.05"]
[Round "3.7"]
[White "Belenkaya, Dina"]
[Black "Nechaeva, Marina"]
[Result "1/2-1/2"]
[LiveChessVersion "1.4.8"]
[BlackElo "2347"]
[WhiteElo "2204"]

1. e4 {[%clk 0:03:03]} c5 {[%clk 0:03:04]} 2. Nf3 {[%clk 0:03:04]} d6
{[%clk 0:03:05]} 3. Bb5+ {[%clk 0:03:03]} Nc6 {[%clk 0:03:06]} 4. O-O
{[%clk 0:03:03]} Bd7 {[%clk 0:03:07]} 5. Re1 {[%clk 0:03:04]} Nf6
{[%clk 0:03:08]} 6. h3 {[%clk 0:03:05]} a6 {[%clk 0:02:50]} 7. Bf1
{[%clk 0:03:04]} e5 {[%clk 0:02:49]} 8. c3 {[%clk 0:03:05]} Be7 {[%clk 0:02:48]}
9. d4 {[%clk 0:03:06]} cxd4 {[%clk 0:02:48]} 10. cxd4 {[%clk 0:03:06]} exd4
{[%clk 0:02:43]} 11. Nxd4 {[%clk 0:03:07]} O-O {[%clk 0:02:43]} 12. Nc3
{[%clk 0:03:06]} Re8 {[%clk 0:02:44]} 13. Bf4 {[%clk 0:03:05]} Ne5
{[%clk 0:02:45]} 14. Rc1 {[%clk 0:02:59]} Rc8 {[%clk 0:02:43]} 15. Nf5
{[%clk 0:01:57]} Bxf5 {[%clk 0:02:36]} 16. exf5 {[%clk 0:01:57]} Bf8
{[%clk 0:02:07]} 17. Bg5 {[%clk 0:01:57]} Be7 {[%clk 0:02:08]} 18. Bf4
{[%clk 0:01:58]} Bf8 {[%clk 0:02:04]} 19. Bg5 {[%clk 0:01:59]} Be7
{[%clk 0:02:05]} 20. Bf4 {[%clk 0:02:00]} Bf8 {[%clk 0:01:45]} 21. Kh1
{[%clk 0:01:47]} h6 {[%clk 0:01:45]} 22. Nd5 {[%clk 0:01:45]} Nxd5
{[%clk 0:01:45]} 23. Qxd5 {[%clk 0:01:45]} Qb6 {[%clk 0:01:37]} 24. Qd2
{[%clk 0:01:41]} Rc6 {[%clk 0:01:16]} 25. b3 {[%clk 0:01:41]} Qc7
{[%clk 0:01:05]} 26. f6 {[%clk 0:01:28]} gxf6 {[%clk 0:00:40]} 27. Bxh6
{[%clk 0:01:27]} Rc8 {[%clk 0:00:40]} 28. Rxc6 {[%clk 0:01:24]} Qxc6
{[%clk 0:00:39]} 29. Bxf8 {[%clk 0:01:16]} Kxf8 {[%clk 0:00:40]} 30. Qh6+
{[%clk 0:01:16]} Kg8 {[%clk 0:00:33]} 31. Qxf6 {[%clk 0:01:15]} Qc3
{[%clk 0:00:32]} 32. Re3 {[%clk 0:01:13]} Qc1 {[%clk 0:00:30]} 33. Rg3+
{[%clk 0:01:05]} Ng6 {[%clk 0:00:31]} 34. Kg1 {[%clk 0:01:01]} Qb1
{[%clk 0:00:31]} 35. Kh2 {[%clk 0:00:25]} Qe4 {[%clk 0:00:09]} 36. Bd3
{[%clk 0:00:21]} Qe5 {[%clk 0:00:08]} 37. Qh4 {[%clk 0:00:17]} Rc6
{[%clk 0:00:07]} 38. Bxg6 {[%clk 0:00:16]} fxg6 {[%clk 0:00:07]} 39. Qd8+
{[%clk 0:00:14]} Kg7 {[%clk 0:00:07]} 40. Qd7+ {[%clk 0:00:15]} Kh6
{[%clk 0:00:07]} 41. Qxb7 {[%clk 0:00:14]} Rc3 {[%clk 0:00:07]} 42. Qxa6
{[%clk 0:00:09]} Rc2 {[%clk 0:00:05]} 43. Qa8 {[%clk 0:00:07]} Kg7
{[%clk 0:00:05]} 44. Qb7+ {[%clk 0:00:08]} Kh6 {[%clk 0:00:06]} 45. Qf3
{[%clk 0:00:09]} Kg7 {[%clk 0:00:07]} 46. Qg4 {[%clk 0:00:10]} Qf6
{[%clk 0:00:07]} 47. a4 {[%clk 0:00:09]} Rxf2 {[%clk 0:00:07]} 48. a5
{[%clk 0:00:07]} Rf4 {[%clk 0:00:08]} 49. Qd7+ {[%clk 0:00:07]} Kh6
{[%clk 0:00:09]} 50. a6 {[%clk 0:00:07]} Rf2 {[%clk 0:00:09]} 51. a7
{[%clk 0:00:06]} Ra2 {[%clk 0:00:09]} 52. Qb7 {[%clk 0:00:05]} Qa1
{[%clk 0:00:08]} 53. Qb8 {[%clk 0:00:03]} Rxa7 {[%clk 0:00:08]} 54. Qh8+
{[%clk 0:00:03]} Rh7 {[%clk 0:00:09]} 55. Qf8+ {[%clk 0:00:04]} Qg7
{[%clk 0:00:05]} 56. Qf4+ {[%clk 0:00:05]} g5 {[%clk 0:00:06]} 57. Qxd6+
{[%clk 0:00:07]} Kh5 {[%clk 0:00:06]} 58. Qd1+ {[%clk 0:00:08]} Kh6
{[%clk 0:00:07]} 59. Qd6+ {[%clk 0:00:09]} Kh5 {[%clk 0:00:09]} 60. Qd1+ Kh6 61.
Qg4 {[%clk 0:00:11]} Qe5 {[%clk 0:00:10]} 62. b4 {[%clk 0:00:12]} Rf7
{[%clk 0:00:11]} 63. b5 {[%clk 0:00:12]} Qxb5 {[%clk 0:00:11]} 64. Qe6+
{[%clk 0:00:13]} Kg7 {[%clk 0:00:11]} 65. Qe4 {[%clk 0:00:12]} Kh6
{[%clk 0:00:12]} 66. Qe6+ {[%clk 0:00:13]} Kg7 {[%clk 0:00:13]} 67. h4
{[%clk 0:00:14]} Rf6 {[%clk 0:00:11]} 68. Rxg5+ {[%clk 0:00:11]} Qxg5
{[%clk 0:00:12]} 69. Qe7+ {[%clk 0:00:12]} Rf7 {[%clk 0:00:12]} 70. Qxg5+
{[%clk 0:00:13]} 1/2-1/2

[Event "Team Championship (women blitz)"]
[Site "Sochi"]
[Date "2017.10.05"]
[Round "3.8"]
[White "Kovanova, Baira"]
[Black "Styazhkina, Anna"]
[Result "0-1"]
[LiveChessVersion "1.4.8"]
[BlackElo "2198"]
[WhiteElo "2286"]

1. Nf3 {[%clk 0:03:02]} d5 {[%clk 0:03:02]} 2. g3 {[%clk 0:03:03]} c6
{[%clk 0:02:59]} 3. Bg2 {[%clk 0:03:04]} Bf5 {[%clk 0:02:54]} 4. O-O
{[%clk 0:03:02]} Nf6 {[%clk 0:02:51]} 5. d3 {[%clk 0:03:02]} h6 {[%clk 0:02:46]}
6. Nbd2 {[%clk 0:02:57]} e6 {[%clk 0:02:46]} 7. Qe1 {[%clk 0:02:57]} Bh7
{[%clk 0:02:43]} 8. e4 {[%clk 0:02:57]} Be7 {[%clk 0:02:44]} 9. Qe2
{[%clk 0:02:57]} O-O {[%clk 0:02:40]} 10. b3 {[%clk 0:02:39]} Nbd7
{[%clk 0:02:27]} 11. Bb2 {[%clk 0:02:39]} Re8 {[%clk 0:02:28]} 12. e5
{[%clk 0:02:28]} Nh5 {[%clk 0:02:17]} 13. Ne1 {[%clk 0:01:57]} g6
{[%clk 0:01:56]} 14. f4 {[%clk 0:01:35]} Ng7 {[%clk 0:01:51]} 15. Nef3
{[%clk 0:01:21]} c5 {[%clk 0:01:26]} 16. a4 {[%clk 0:01:04]} b6 {[%clk 0:01:11]}
17. Kh1 {[%clk 0:00:59]} Rc8 {[%clk 0:01:11]} 18. c4 {[%clk 0:00:53]} Nb8
{[%clk 0:01:06]} 19. cxd5 {[%clk 0:00:40]} exd5 {[%clk 0:01:07]} 20. d4
{[%clk 0:00:33]} Nc6 {[%clk 0:01:04]} 21. Rad1 {[%clk 0:00:27]} Qc7
{[%clk 0:00:43]} 22. Rc1 {[%clk 0:00:19]} Red8 {[%clk 0:00:33]} 23. Ba3
{[%clk 0:00:16]} Ne6 {[%clk 0:00:23]} 24. dxc5 {[%clk 0:00:16]} bxc5
{[%clk 0:00:24]} 25. Bb2 {[%clk 0:00:14]} Qb8 {[%clk 0:00:23]} 26. f5
{[%clk 0:00:10]} gxf5 {[%clk 0:00:23]} 27. Qe3 {[%clk 0:00:10]} Bg5
{[%clk 0:00:18]} 28. Nxg5 {[%clk 0:00:10]} hxg5 {[%clk 0:00:19]} 29. Ba3
{[%clk 0:00:09]} Qxe5 {[%clk 0:00:18]} 30. Bxc5 {[%clk 0:00:08]} d4
{[%clk 0:00:13]} 31. Qxe5 {[%clk 0:00:07]} Nxe5 {[%clk 0:00:14]} 32. Bxa7
{[%clk 0:00:08]} f4 {[%clk 0:00:12]} 33. gxf4 Nxf4 {[%clk 0:00:11]} 34. Bb6
{[%clk 0:00:08]} Rxc1 35. Rxc1 {[%clk 0:00:09]} Rd7 {[%clk 0:00:09]} 36. Bc6
{[%clk 0:00:08]} Nxc6 {[%clk 0:00:09]} 37. Rxc6 {[%clk 0:00:09]} Re7
{[%clk 0:00:10]} 38. Bxd4 {[%clk 0:00:08]} Re1+ {[%clk 0:00:11]} 39. Bg1
{[%clk 0:00:09]} Ne2 {[%clk 0:00:10]} 40. Nf3 {[%clk 0:00:09]} Be4
{[%clk 0:00:10]} 41. Rf6 {[%clk 0:00:10]} Rxg1# {[%clk 0:00:09]} 0-1

[Event "Team Championship (women blitz)"]
[Site "Sochi"]
[Date "2017.10.05"]
[Round "3.9"]
[White "Vasilevich, Tatjana"]
[Black "Ambartsumova, Karina"]
[Result "0-1"]
[LiveChessVersion "1.4.8"]
[BlackElo "2347"]
[WhiteElo "2229"]

1. d4 {[%clk 0:03:04]} Nf6 {[%clk 0:03:03]} 2. c4 {[%clk 0:03:05]} g6
{[%clk 0:03:04]} 3. Nc3 {[%clk 0:03:04]} Bg7 {[%clk 0:03:06]} 4. e4
{[%clk 0:03:07]} d6 {[%clk 0:03:07]} 5. f3 {[%clk 0:03:08]} O-O {[%clk 0:03:05]}
6. Nge2 {[%clk 0:03:09]} c6 {[%clk 0:03:06]} 7. Be3 {[%clk 0:03:09]} a6
{[%clk 0:03:08]} 8. Ng3 {[%clk 0:03:06]} b5 {[%clk 0:03:08]} 9. Qd2
{[%clk 0:03:06]} Nbd7 {[%clk 0:03:04]} 10. Be2 {[%clk 0:03:06]} e5
{[%clk 0:03:00]} 11. O-O {[%clk 0:03:03]} Qe7 {[%clk 0:02:46]} 12. Rac1
{[%clk 0:02:53]} Bb7 {[%clk 0:02:43]} 13. Rfd1 {[%clk 0:02:49]} Rfd8
{[%clk 0:02:37]} 14. a3 {[%clk 0:02:49]} Rac8 {[%clk 0:02:15]} 15. b4
{[%clk 0:02:45]} exd4 {[%clk 0:01:51]} 16. Bxd4 {[%clk 0:02:44]} Ne5
{[%clk 0:01:52]} 17. cxb5 {[%clk 0:02:25]} axb5 {[%clk 0:01:49]} 18. Qb2
{[%clk 0:01:59]} h5 {[%clk 0:01:34]} 19. a4 {[%clk 0:01:59]} bxa4
{[%clk 0:01:23]} 20. Nxa4 {[%clk 0:02:00]} Ned7 {[%clk 0:01:19]} 21. Bc4
{[%clk 0:01:47]} Ra8 {[%clk 0:01:05]} 22. Qb3 {[%clk 0:01:38]} Ba6
{[%clk 0:00:58]} 23. Ra1 {[%clk 0:01:27]} Bxc4 {[%clk 0:00:55]} 24. Qxc4
{[%clk 0:01:28]} Rdc8 {[%clk 0:00:43]} 25. Kh1 {[%clk 0:01:09]} d5
{[%clk 0:00:35]} 26. Qc3 {[%clk 0:01:02]} dxe4 {[%clk 0:00:29]} 27. Nxe4
{[%clk 0:00:56]} Nxe4 {[%clk 0:00:28]} 28. fxe4 {[%clk 0:00:57]} Bxd4
{[%clk 0:00:15]} 29. Qxd4 {[%clk 0:00:58]} Ne5 {[%clk 0:00:17]} 30. Nb6
{[%clk 0:00:53]} Rxa1 {[%clk 0:00:17]} 31. Nxc8 {[%clk 0:00:32]} Rxd1+
{[%clk 0:00:18]} 32. Qxd1 {[%clk 0:00:33]} Qxb4 {[%clk 0:00:19]} 33. Nd6
{[%clk 0:00:17]} Ng4 {[%clk 0:00:15]} 34. Qa1 {[%clk 0:00:03]} Qxd6
{[%clk 0:00:16]} 35. g3 {[%clk 0:00:04]} Qd2 {[%clk 0:00:15]} 36. Qd1 0-1